00366nam a2200133Ia 4500082001200000100002000012245006300032260003100095300000800126650003000134650002800164650002100192710001900213 aTA.0029 aAssadi, Morteza 0aImport substitution strategy and industrialization in Iran c1988bJamia Millia Islamia a374 aImport substitutionzIran aIndustrializationzIran aIranvIndustries aBilgrani, A.R.